| 000 | 00592nam a2200205Ii 4500 | ||
|---|---|---|---|
| 003 | JO-AjNU | ||
| 008 | 230605s9999||||xx |||||||||||||| ||und|| | ||
| 040 |
_aJO-AjNU _bara _erda _cJO-AjNU |
||
| 041 | _aara | ||
| 050 | 1 | 4 | _aK230.H5722.1997 |
| 100 | 3 |
_a القاسم ، هشام , _eauthor _931206 |
|
| 245 | 0 | 0 | _aالمدخل الى علم القانون |
| 250 | _a(د،ط) | ||
| 264 | 3 | 1 | _aد ، م : د ، ن ، 1997 |
| 300 | _a528ص | ||
| 336 |
_atext _btxt _2rdacontent |
||
| 337 |
_aunmediated _bn _2rdamedia |
||
| 338 |
_avolume _bnc _2rdacarrier |
||
| 650 | 4 |
_aقانون _931207 |
|
| 999 |
_aA12457 _c16025 _d16025 |
||